000 00418nam a2200133Ia 4500
008 220217s9999 xx 000 0 und d
245 0 _aCompounded rubber- Determination of rate of cure using the shearing disk viscometer
260 _aSwitzerland
260 _c11975
_bInternational Organization for Standards
490 _aRubber
500 _aStandard number: ISO 667
650 _aRubber compounding
942 _cST
999 _c74176
_d74176